000
00308nam a2200133Ia 4500
100
_a
Machinery yellow back series
942
_c
BK
654
_a
Lathe
245
_a
Centre Lathe Practice Part 1 No. 12
260
_b
Machinery Publication & co
_c
2001
082
_a
621.9
300
_a
64
546
_a
ENGLISH
999
_c
34984
_d
34984